| 000 | 01121nam a2200217 a 4500 | ||
|---|---|---|---|
| 008 | 120416s1983 ||||||||||||||||| || u | ||
| 020 | _a4833701340 | ||
| 050 | _aHF 5415.2 Chu | ||
| 100 | _aChurchill, Gilbert A | ||
| 245 | 1 | 0 | _aMarketing research: methodological foundations (3rd ed.) |
| 250 | _a3rd ed. | ||
| 260 |
_aChicago _bDryden P _c1983 |
||
| 300 | _axxi, 756p. : ill. | ||
| 350 | _a0.00 | ||
| 650 | 0 | _aMARKETING RESEARCH | |
| 650 | 0 | _aMARKETING--MANAGEMENT--CASE STUDIES | |
| 995 |
_aTEXTBOOKS (SB) _D0.00 _e1207 _FCBU-SCHOOL TEXTBOOK COLLECTIONS _H1 _I0.00 _jSCHOOL TEXTBOOK _M4 _UAVAILABLE _WSep 17, 2009 _y1207 _ZSchool Collections |
||
| 995 |
_aMAIN LIBRARY OPEN ACCESS _D0.00 _e707969 _FCBU-MAIN LIBRARY (Kitwe) _H1 _I65.13 _jHF 5415.2 Chu _M1 _UAVAILABLE _y005673 _ZMain Library Open Access Collection |
||
| 995 |
_aMAIN LIBRARY OPEN ACCESS _D0.00 _e40849 _FCBU-MAIN LIBRARY (Kitwe) _H2 _I65.13 _jHF 5415.2 Chu _M2 _UAVAILABLE _y40849 _ZMain Library Open Access Collection |
||
| 995 |
_aTEXTBOOKS (SB) _D0.00 _e1206 _FCBU-SCHOOL TEXTBOOK COLLECTIONS _H1 _I0.00 _jSCHOOL TEXTBOOK _M3 _UAVAILABLE _WSep 17, 2009 _y1206 _ZSchool Collections |
||
| 999 |
_c82683 _d82683 |
||